[Event "Espalion op 1st"]
[Site "Espalion"]
[Date "2016.07.15"]
[Round "8"]
[White "Gaubert, Cedric"]
[Black "Dutertre, Jean Michel"]
[Result "1-0"]
[WhiteElo "1518"]
[BlackElo "1583"]
[PlyCount "77"]
[EventDate "2016.07.09"]
[EventType "swiss"]
[EventRounds "9"]
[EventCountry "FRA"]
[SourceTitle "CBM 173 Extra"]
[Source "ChessBase"]
[SourceDate "2016.08.29"]
[SourceVersion "1"]
[SourceVersionDate "2016.08.29"]
[SourceQuality "1"]

1. Nf3 g6 2. d4 d5 3. Bf4 Bg7 4. e3 c6 5. Nbd2 Bg4 6. h3 Bf5 7. c4 Nf6 8. Qb3 b6 9. Be2 0-0 10. 0-0 Qc8 11. Rac1 dxc4 12. Bxc4 Qb7 13. Ng5 e6 14. g4 h6 15. Nxf7 Nxg4 16. hxg4 Bxg4 17. Nxh6+ Bxh6 18. Bxh6 Re8 19. Bf4 Nd7 20. f3 Bh5 21. Bxe6+ Kh7 22. Rf2 Nf6 23. Bg5 Nd5 24. Bxd5 cxd5 25. Qd3 Qf7 26. Bf4 Qe6 27. Rc7+ Re7 28. Qc2 Rae8 29. Qc6 Rxc7 30. Qxc7+ Re7 31. Qe5 Qd7 32. Qd6 Qb7 33. Be5 Rd7 34. Qf6 Qc8 35. Nb3 Qe8 36. f4 Rf7 37. Qd6 Rd7 38. Qb8 Rd8 39. Qxa7+ 1-0